[Event "Bodsmot TR 2008"]
[Site "?"]
[Date "2008.06.19"]
[Round "6"]
[White "Glud, Jakob Vang"]
[Black "Thorsteinsson, Bjorn"]
[Result "1-0"]
[WhiteElo "2456"]
[BlackElo "2192"]
[PlyCount "85"]
[EventDate "2008.06.19"]
[SourceDate "2008.06.22"]

1. c4 e5 2. g3 Nc6 3. Bg2 g6 4. Nc3 Bg7 5. e4 d6 6. Nge2 f5 7. d3 Nf6 8. Nd5
O-O 9. O-O Nh5 10. exf5 Bxf5 11. h3 Be6 12. Be3 Qd7 13. Kh2 Rae8 14. Qa4 Qc8
15. Rae1 Bd7 16. Qa3 b6 17. Nec3 a6 18. Ne4 Nd4 19. Bxd4 exd4 20. b4 Kh8 21.
Qb3 Qd8 22. b5 axb5 23. cxb5 Be6 24. Nd2 Bg8 25. Qd1 Re5 26. Rxe5 dxe5 27. Nb4
Qd6 28. Qa4 Nf6 29. Kg1 Nd7 30. Na6 Nc5 31. Qa3 Ne4 32. Qxd6 Nxd6 33. a4 Bh6
34. Nf3 Bb3 35. Ra1 Bg7 36. Nd2 Bc2 37. Nb4 Bxa4 38. Rxa4 Nxb5 39. Bc6 Nc3 40.
Ra7 Rf7 41. Bd5 Nb5 42. Bxf7 Nxa7 43. Nd5 1-0

[Event "Bodsmot TR 2008"]
[Site "?"]
[Date "2008.06.19"]
[Round "6"]
[White "Kjartansson, Gudmundur"]
[Black "Lund , Espen"]
[Result "1-0"]
[WhiteElo "2321"]
[BlackElo "2420"]
[PlyCount "81"]
[EventDate "2008.06.19"]
[SourceDate "2008.06.22"]

1. d4 e6 2. c4 d5 3. Nc3 c6 4. e3 Nd7 5. Bd3 Ngf6 6. Nf3 Bd6 7. e4 dxe4 8. Nxe4
Nxe4 9. Bxe4 h6 10. O-O O-O 11. b3 e5 12. Bb2 f5 13. Bd5+ cxd5 14. dxe5 dxc4
15. exd6 Qb6 16. Re1 cxb3 17. Re7 Nf6 18. Bxf6 Rxf6 19. d7 Bxd7 20. Qxd7 Rg6
21. Qd5+ Kh7 22. Rxb7 Qf6 23. Rb1 bxa2 24. Qxa2 Qc6 25. Kh1 a5 26. R7b5 Qe4 27.
Re5 Qg4 28. Rg1 a4 29. h3 Qb4 30. Rxf5 a3 31. Re5 Rb6 32. Re3 Qb2 33. Ra1 Rc8
34. Qxa3 Qxf2 35. Ne5 Kh8 36. Qd3 Rb2 37. Rg1 Rcc2 38. Ng6+ Kh7 39. Nf4+ Kg8
40. Re8+ Kf7 41. Qg6# 1-0